Sauras-tu reconnaître ce motard de fiction ? - Statistiques

Statistiques générales
  • Ce quiz a été pris 12 fois
  • Le résultat moyen est 5 sur 18
Statistiques - réponses
Par images Réponse % Correct
Batman
92%
Lara Croft
83%
Ghost Rider
67%
Gregory House
58%
Trinity
58%
Eikichi Onizuka
33%
Ethan Hunt
33%
Smoker
33%
Jax Teller
25%
Wyatt
8%
Chirurgien
0%
Del Spooner
0%
Jack Harper
0%
Matt Kirby
0%
Mikey
0%
Sam Flynn
0%
Shotaro Kaneda
0%
Yusei Fudo
0%
Aucun quiz correspondant
Distribution des résultats
% des personnes avec chaque résultat
Percentile par nombre de réponses
Votre historique - résultats
Vous n’avez pas pris ce quiz